日本の紙幣に描かれた人物 - Statistics

General Stats
  • This quiz has been taken 420 times
  • The average score is 15 of 32
Answer Stats
Hint 登場年 Answer % Correct
10000円札 1984 福沢諭吉
93%
1000円札 2004 野口英世
93%
10000円札 1958 聖徳太子
92%
5000円札 1957 聖徳太子
92%
1000円札 1950 聖徳太子
92%
100円札 1930 聖徳太子
92%
5000円札 2004 樋口一葉
89%
5000円札 2024(予定) 津田梅子
88%
10000円札 2024(予定) 渋沢栄一
86%
1000円札 2024(予定) 北里柴三郎
79%
1000円札 1984 夏目漱石
74%
1000円札 1963 伊藤博文
71%
5000円札 1984 新渡戸稲造
64%
2000円札 2000 紫式部
58%
100円札 1953 板垣退助
43%
50銭札 1948 板垣退助
43%
500円札 1951 岩倉具視
38%
1000円札 1945 日本武尊
21%
50円札 1951 高橋是清
17%
10円札 1883 神功皇后
13%
5円札 1882 神功皇后
13%
1円札 1881 神功皇后
13%
1円札 1946 二宮尊徳
11%
200円札 1945 藤原鎌足
10%
200円札 1945 武内宿禰
10%
100円札 1891 藤原鎌足
10%
20円札 1931 藤原鎌足
10%
5円札 1899 武内宿禰
10%
1円札 1889 武内宿禰
10%
20円札 1917 菅原道真
8%
10円札 1890 和気清麻呂
8%
5円札 1888 菅原道真
8%
No matching quizzes found
Score Distribution
Percent of People with Each Score
Percentile by Number Answered
Your Score History
You have not taken this quiz